<?xml version="1.0" encoding="UTF-8"?>
<record
    xmlns:xsi="http://www.w3.org/2001/XMLSchema-instance"
    xsi:schemaLocation="http://www.loc.gov/MARC21/slim http://www.loc.gov/standards/marcxml/schema/MARC21slim.xsd"
    xmlns="http://www.loc.gov/MARC21/slim">

  <leader>01516nam a22002537a 4500</leader>
  <controlfield tag="005">20240305165453.0</controlfield>
  <controlfield tag="007">cr||||   |||| </controlfield>
  <controlfield tag="008">170912s2017    mx |||||s|||| 00||0 spa d</controlfield>
  <datafield tag="020" ind1=" " ind2=" ">
    <subfield code="a">978-607-406-896-2</subfield>
  </datafield>
  <datafield tag="035" ind1=" " ind2=" ">
    <subfield code="a">20585</subfield>
  </datafield>
  <datafield tag="040" ind1=" " ind2=" ">
    <subfield code="a">vLex</subfield>
  </datafield>
  <datafield tag="090" ind1=" " ind2=" ">
    <subfield code="c">6958</subfield>
    <subfield code="d">6958</subfield>
  </datafield>
  <datafield tag="100" ind1="1" ind2=" ">
    <subfield code="a">N&#xFA;&#xF1;ez Hern&#xE1;ndez, Marco Antonio</subfield>
  </datafield>
  <datafield tag="245" ind1="1" ind2="0">
    <subfield code="a">Clasificaci&#xF3;n arancelar&#xED;a de las mercanc&#xED;as</subfield>
    <subfield code="h">[Recurso electr&#xF3;nico] :</subfield>
    <subfield code="b">Casos pr&#xE1;cticos 2017 /</subfield>
    <subfield code="c">Marco Antonio N&#xFA;&#xF1;ez Hern&#xE1;ndez</subfield>
  </datafield>
  <datafield tag="256" ind1=" " ind2=" ">
    <subfield code="a">Servicio en l&#xED;nea</subfield>
  </datafield>
  <datafield tag="260" ind1=" " ind2=" ">
    <subfield code="a">M&#xE9;xico DF:</subfield>
    <subfield code="b">Ediciones Fiscales ISEF,</subfield>
    <subfield code="c">2017</subfield>
  </datafield>
  <datafield tag="300" ind1=" " ind2=" ">
    <subfield code="a">1 recurso electr&#xF3;nico</subfield>
  </datafield>
  <datafield tag="500" ind1=" " ind2=" ">
    <subfield code="a">CLASIFICACI&#xD3;N ARANCELARIA DE LAS MERCANC&#xCD;AS Casos Pr&#xE1;cticos,  es una obra pensando en usted, pues el autor, Perito Tercero en Discordia del Tribunal Federal de Justicia Fiscal y Administrativa, gu&#xED;a al clasificador de una manera sencilla,  clara y amena,  para dar una soluci&#xF3;n a todos los retos que conlleva el identificar la fracci&#xF3;n arancelaria correspondiente a cada mercanc&#xED;a.</subfield>
  </datafield>
  <datafield tag="506" ind1="1" ind2=" ">
    <subfield code="a">Disponible solo en los productos indicados</subfield>
    <subfield code="d">vLex Global</subfield>
    <subfield code="d">vLex Global (Academic Edition, excluding Law Schools)</subfield>
    <subfield code="d">vLex Global (U.S. Academic Edition, Law Schools)</subfield>
    <subfield code="d">vLex Global (U.S. Academic Edition, excluding Law Schools)</subfield>
    <subfield code="d">vLex Global (Academic Edition, Law Schools)</subfield>
  </datafield>
  <datafield tag="650" ind1="0" ind2="4">
    <subfield code="a">Derecho Fiscal</subfield>
    <subfield code="z">M&#xE9;xico</subfield>
  </datafield>
  <datafield tag="740" ind1="0" ind2=" ">
    <subfield code="a">vLex Libros (Servicio en l&#xED;nea)</subfield>
  </datafield>
  <datafield tag="856" ind1="4" ind2="0">
    <subfield code="u">https://app.vlex.com/#/sources/clasificacion-arancelaria-de-las-mercancias-casos-practicos-2017-20585</subfield>
  </datafield>
  <datafield tag="942" ind1=" " ind2=" ">
    <subfield code="c">RAA</subfield>
  </datafield>
  <datafield tag="952" ind1=" " ind2=" ">
    <subfield code="0">0</subfield>
    <subfield code="1">0</subfield>
    <subfield code="4">0</subfield>
    <subfield code="7">0</subfield>
    <subfield code="8">VLEX</subfield>
    <subfield code="9">323184</subfield>
    <subfield code="a">BD-UIN</subfield>
    <subfield code="b">BD-UIN</subfield>
    <subfield code="d">2024-03-05</subfield>
    <subfield code="l">0</subfield>
    <subfield code="p">20585</subfield>
    <subfield code="r">2024-03-05</subfield>
    <subfield code="w">2024-03-05</subfield>
    <subfield code="y">RAA</subfield>
  </datafield>
  <datafield tag="999" ind1=" " ind2=" ">
    <subfield code="c">165204</subfield>
    <subfield code="d">165204</subfield>
  </datafield>
</record>
